000 00546nam a2200181Ia 4500
003 OSt
005 20220723131046.0
008 190216s9999||||xx |||||||||||||| ||und||
020 _a9790070402118
040 _coclc
082 _a005.133
_bBAL/O
100 _aBalagurusamy, E
_93962
245 0 _aObject Oriented Programming With C++ /
_cE Balagurusamy
250 _a2nd Ed.
260 _bTata Mcgraw Hill Publishing Company Ltd,
_c2001.
_aNew Delhi:
300 _a533p
942 _cBK
_2ddc
_h005.133
_iBAL/O
_k005.133
_mBAL/O
999 _c8746
_d8746